000 02606cam a2200661 a 4500
001 21332
003 VRT
005 20260227133317.0
006 aa grf 001 0
008 220422s2004 xo a grf 00100 slo
020 _a808898341X
_q(viazané)
035 _aSNK000423368
035 _a2FB8314C-E9F1-4005-900D-CAE6ABFE07D7
035 _aurn:nbn:sk:snk-am00glxq
035 _aurn:nbn:sk:snk-am3ixf9
035 _a1CEEAC8A-C824-4608-8292-7E795DA0B1DC
035 _aurn:nbn:sk:snk-am00g49c
039 9 _a202204221328
_bVLOAD
_c202201070921
_dVLOAD
_c202201051632
_dVLOAD
_c202104291602
_dmsnk03
040 _aSNK
_bslo
_cSNK
_eAACR2
041 1 _aslo
_heng
044 _axo
_cSK
072 7 _a616
_xPatológia. Klinická medicína
_2konspekt
072 7 _a613
_xHygiena. Ľudské zdravie
_2konspekt
080 _a616.1/.9
_22011
080 _a613
_22011
080 _a(035)
_22011
080 _a616-084
_22011
080 _a616-07
_22011
080 _a615.89
_22011
130 0 _aBooks of home remedies
_lSlovensky
245 1 0 _aDomáci lekár
_btisíce návodov a postupov, ako doma liečiť rôzne choroby a neduhy
_czostavili redaktori nakladateľstva Prevence v spolupráci s vyše päťsto americkými lekármi a ďalšími odborníkmi ; hlavná redaktorka: Debora Tkacová ; z anglického originálu preložila Anna Weidlerová
250 _a1. vydanie
260 _aBratislava
_bPartons/Walton/Press
_c2004
300 _a656 strán
_bilustrácie
_c24 cm
_e1 príloha
490 1 _aLekár vám radí
500 _aVydavateľ podľa ISBN Reader's Digest Výber
504 _aObsahuje register
650 0 7 _achoroby
_2SNKPH
650 0 7 _astarostlivosť o zdravie
_2SNKPH
650 0 7 _aprevencia ochorení
_2SNKPH
650 0 7 _adiagnostika (medicína)
_2SNKPH
650 0 7 _aľudové liečiteľstvo
_2SNKPH
655 7 _apríručky
_2SNKPH
700 1 _aTkacová, Debora
_4red
700 1 _aWeidlerová, Anna
_4trl
710 2 _aReader's Digest Výber
_4pbl
830 0 _aLekár vám radí
910 _asnk
942 _2ddc
_cOLDO
_n0
949 _617A0412578
_asnkSC 114569
_bsnkKSP 1916/2004
_s6100:20210716
949 _617A0405150
_9snkDOM 613
_asnkSC 114569 D2
_bsnkK 86/2004
949 _617A0415000
_asnkSC 114569/príl.
_bsnkKSP 1916/2004
_s6100:20210716
949 _617A0405212
_9snkDOM 613 príl.
_asnkSC 114569/ príl. D2
_bsnkK 86/2004
949 _617A0443752
_asnkSC 114569 D1
_bsnkKSP 12309/2004
949 _62889045217
_asavukS 130555
949 _6273K0106419
_asvkpoB 74223
_bsvkpo475619
949 _62889369588
_asavukPV 7658
_qbez prílohy
_rbez prílohy
999 _c21332
_d21332